000 00749nam a22001817a 4500
003 OSt
005 20201027105841.0
008 201023b 1986 dr 00| 0 eng d
040 _aDO-SdBNP
_bspa
_cBNPHU
100 1 _aVanier, Jean
_943848
245 1 0 _aIdentidad del arca /
_cJean Vanier, Claire de Miribel.
260 _aSanto Domingo :
_bAmigo del Hogar,
_c1986?
300 _a32 p. ;
_c21 cm.
500 _aArtículo de Jean Vanier, publicado en cartas del Arca. Septiembre 86.
500 _aClaire de Miribel, coordinadora Internacional del Arca desde hace cuatro años, llego al arca en 1972. Vive en el hogar de Massabielle. Su artículo continua y completa el de Jean Vanier.
700 1 _aMiribel, Claire de
_977010
942 _2ddc
_cLBS1
999 _c48953
_d48953